000 00537nam a2200181Ia 4500
003 GCL
008 140319s9999 xx 000 0 ara d
040 _aGCL /
_cGCL
082 0 4 _aط
_b813.03
_bت ب
100 1 _aمحى الدين اللباد
245 1 0 _aالبوابة المسحورة /
_cمحى الدين اللباد
700 1 _aترنكا، ييرى
490 _aروايات الهلال
_v0
650 0 4 _aالادب العربى
650 0 4 _aالقصص العربية
650 0 4 _aالاطفال
942 _2ddc
_cBK
999 _c50651
_d50651